Historia de la estética

Gespeichert in:
Bibliographische Detailangaben
1. Verfasser: Bosanquet, Bernard (VerfasserIn)
Format: Buch
Sprache:Spanisch
Veröffentlicht: Buenos Aires Nueva Visión 1970
Schriftenreihe:Colección Ensayos: Arte y Estética
Schlagworte:
Tags: Tag hinzufügen
Keine Tags, Fügen Sie den ersten Tag hinzu!

MARC

LEADER 00000nam a2200000 a 4500
001 UCG4500
003 CL-VaPUC
008 101104e19700000AG |||||||||||||||||spa|d
082 0 4 |a 111.8509  |b BOS  |2 21 
100 0 |a Bosanquet, Bernard  |e author  |9 553804 
245 1 0 |a Historia de la estética 
300 |a 552 p 
942 |c BK 
945 |d 20101104 00:00:00  |a mfarfan 
260 |a Buenos Aires  |b Nueva Visión   |c 1970 
650 0 |a Estética   |9 264950 
650 0 |a Historia  |9 255047 
583 |a last modification  |c 20101104 00:00:00  |k Rodrigo Vera 
490 0 |a Colección Ensayos: Arte y Estética 
999 |c 343202  |d 343200 
952 |0 0  |1 0  |4 0  |6 111_850900000000000_BOS_1970  |7 0  |8 A  |9 440300  |a BIBHIS  |b BIBHIS  |d 2019-11-22  |i 4730836  |l 2  |m 3  |o 111.8509 BOS 1970  |p 4730836  |r 2025-01-20  |s 2023-05-23  |w 2019-11-22  |y BK  |k HIS